Manuel de langue russse a lusage francophones /
Saved in:
| Main Author: | |
|---|---|
| Format: | Book |
| Language: | Vietnamese |
| Published: |
New Delhi.. :
Moscow ,
1982
|
| Edition: | Tái bản lần thứ 3 |
| Subjects: | |
| Tags: |
Add Tag
No Tags, Be the first to tag this record!
|
| Institutions: | Thư viện Trường CĐ Kỹ Thuật Cao Thắng |
|---|
| LEADER | 00617nam a2200193 a 4500 | ||
|---|---|---|---|
| 001 | TVCDKTCT417 | ||
| 003 | Thư viện trường Cao đẳng Kỹ thuật Cao Thắng | ||
| 005 | 20050802000000 | ||
| 008 | 050802 | ||
| 980 | \ | \ | |a Thư viện Trường CĐ Kỹ Thuật Cao Thắng |
| 024 | |a RG_1 #1 eb0 i1 | ||
| 041 | 0 | # | |a vie |
| 082 | # | # | |a 490.78 / |b ST100K-m |
| 100 | 1 | # | |a Baheeba B.H. |
| 245 | 0 | 0 | |a Manuel de langue russse a lusage francophones / |c Baheeba B.H. |
| 250 | # | # | |a Tái bản lần thứ 3 |
| 260 | # | # | |a New Delhi.. : |b Moscow , |c 1982 |
| 300 | # | # | |a 416tr. ; |c 21cm |
| 650 | # | 4 | |a Sách học tiếng Nga |